000 00296nam a2200109Ia 4500
008 230320s9999||||xx |||||||||||||| ||spa||
082 _a801/M42/1949
100 _aMenéndez Y Pelayo, Marcelino
245 0 _aHistoria De Las Ideas Estéticas En España
260 _bEspasa- Calpe
942 _80
_cLIB
999 _c40907
_d40907